ARRUPE JESUIT UNIVERSITY

CORONAVIRUS -STOP THE SPREAD - CLEAN,DISINFECT,COVER

The coloured vine / (Record no. 130520)

MARC details
000 -LEADER
fixed length control field 00655cam a22002297i 4500
001 - CONTROL NUMBER
control field 20630179
003 - CONTROL NUMBER IDENTIFIER
control field ARRUPE
005 - DATE AND TIME OF LATEST TRANSACTION
control field 20201020121440.0
008 - FIXED-LENGTH DATA ELEMENTS--GENERAL INFORMATION
fixed length control field 180815s2018 za 000 1 eng
010 ## - LIBRARY OF CONGRESS CONTROL NUMBER
LC control number 9781976523243
020 ## - INTERNATIONAL STANDARD BOOK NUMBER
International Standard Book Number 9781976523243
040 ## - CATALOGING SOURCE
Original cataloging agency DLC
Language of cataloging eng
Description conventions rda
Transcribing agency DLC
042 ## - AUTHENTICATION CODE
Authentication code lcode
050 #0 - LIBRARY OF CONGRESS CALL NUMBER
Classification number PR9405.9.N3 C6
300 ## - PHYSICAL DESCRIPTION
Dimensions 23 cm
100 1# - MAIN ENTRY--PERSONAL NAME
Personal name Nayame, Ingrid.
9 (RLIN) 49928
245 14 - TITLE STATEMENT
Title The coloured vine /
Statement of responsibility, etc Ingrid Nayame.
260 ## - PUBLICATION, DISTRIBUTION, ETC. (IMPRINT)
Date of publication, distribution, etc 2018.
300 ## - PHYSICAL DESCRIPTION
Extent 315 pages ;
906 ## - LOCAL DATA ELEMENT F, LDF (RLIN)
a 7
b cbc
c origode
d 4
e ncip
f 20
g y-gencatlg
942 ## - ADDED ENTRY ELEMENTS (KOHA)
Source of classification or shelving scheme Library of Congress Classification
Koha item type Monograph ( Printed materials)
Holdings
Withdrawn status Lost status Source of classification or shelving scheme Damaged status Not for loan Collection code Home library Current library Shelving location Date acquired Total Checkouts Full call number Barcode Date last seen Price effective from Koha item type
    Library of Congress Classification     Main Collection ARRUPE LIBRARY ARRUPE LIBRARY Main Collection 20/10/2020   PR9405.9.N3 C6 46600008095 20/10/2020 20/10/2020 Monograph ( Printed materials)

 

Arrupe Library. PO Box MP320 Mt Pleasant, Harare, Zimbabwe
263 242 745411|librarian@aju.ac.zw